00711nam a2200229Ia 450000500170000000800410001702000260005804000190008404100120010308200160011510000160013124500530014726000350020030000140023550400500024965000150029965100150031485000100032994200070033999900170034695201180036320231220103936.0140110s9999 xx 000 0 und d a9788184570359cRs.750 aLoreto College aEnglish a302.23bPAD aPadmaja, R. aMarketing of newspapersban overviewcR. Padmaja aNew DelhibKanishka Pubc2008c axii,308p  aIncludes bibliographical references and index aMass Media aJournalism aLCLIB cBK c20122d70601 00102ddc4070aMAINbMAINd2013-11-04l1o302.23 PAD 46486pB21934r2018-09-19s2018-09-19w2013-11-04yBKf